Helping Others / (Record no. 202980)
[ view plain ]
| 000 -LEADER | |
|---|---|
| fixed length control field | 01715nam a2200325 ia4500 |
| 005 - DATE AND TIME OF LATEST TRANSACTION | |
| control field | 20260209155433.0 |
| 008 - FIXED-LENGTH DATA ELEMENTS--GENERAL INFORMATION | |
| fixed length control field | 260209t20242024enkoa br 001 0 eng d |
| 020 ## - INTERNATIONAL STANDARD BOOK NUMBER | |
| International Standard Book Number | 9781788564458 |
| Terms of availability | RM60.70 |
| Qualifying information | paperback |
| 040 ## - CATALOGING SOURCE | |
| Original cataloging agency | PPAK |
| Language of cataloging | eng |
| Transcribing agency | PPAK |
| Description conventions | rda |
| 082 04 - DEWEY DECIMAL CLASSIFICATION NUMBER | |
| Edition number | 23 |
| Classification number | 177.7 |
| 090 00 - LOCALLY ASSIGNED LC-TYPE CALL NUMBER (OCLC); LOCAL CALL NUMBER (RLIN) | |
| Classification number (OCLC) (R) ; Classification number, CALL (RLIN) (NR) | 177.7 |
| Feature heading | GAL |
| Feature heading | K |
| 100 1# - MAIN ENTRY--PERSONAL NAME | |
| Personal name | Gallagher, Belinda, |
| Relator term | author. |
| 245 10 - TITLE STATEMENT | |
| Title | Helping Others / |
| Statement of responsibility, etc. | By Belinda Gallagher ; Editors: Ruth Owen & Mark J. Sachner |
| 264 #1 - PRODUCTION, PUBLICATION, DISTRIBUTION, MANUFACTURE, AND COPYRIGHT NOTICE | |
| Place of production, publication, distribution, manufacture | Tunbridge Wells, Kent, England : |
| Name of producer, publisher, distributor, manufacturer | Ruby Tuesday Books Ltd., |
| Date of production, publication, distribution, manufacture, or copyright notice | 2024 |
| Date of production, publication, distribution, manufacture, or copyright notice | ©2024 |
| 300 ## - PHYSICAL DESCRIPTION | |
| Extent | 32 pages : |
| Other physical details | colour photographs, colour illustrations ; |
| Dimensions | 28 cm |
| 336 ## - CONTENT TYPE | |
| Content type term | text |
| Source | rdacontent |
| 337 ## - MEDIA TYPE | |
| Media type term | unmediated |
| Source | rdamedia |
| 338 ## - CARRIER TYPE | |
| Carrier type term | volume |
| Source | rdacarrier |
| 490 1# - SERIES STATEMENT | |
| Series statement | EVERY ACTION COUNTS! |
| 500 ## - GENERAL NOTE | |
| General note | Includes index. |
| 520 ## - SUMMARY, ETC. | |
| Summary, etc. | This book will give kids the help and inspiration they need to become good and caring young citizens that help people in their community. The book is packed with both long-term and short-term activities and ideas, such as how to have a yard sale to raise funds for a local charity, or how to take the 5 smiles a day challenge to bring happiness into the lives of people in your neighbourhood. With lots of focus on what it means to be a good citizen and advice for keeping safe, readers will learn more about their community, and become respectful, compassionate, responsible, and helpful young people. |
| 521 ## - TARGET AUDIENCE NOTE | |
| Target audience note | 7 – 10 years. |
| 650 10 - SUBJECT ADDED ENTRY--TOPICAL TERM | |
| Topical term or geographic name entry element | Helpfulness |
| Form subdivision | Juvenile literature |
| Topical term or geographic name entry element | Helping behavior |
| Form subdivision | Juvenile literature |
| 700 1# - ADDED ENTRY--PERSONAL NAME | |
| Personal name | Owen, Ruth, |
| Relator term | editor. |
| Personal name | Sachner, Mark J., |
| Relator term | editor. |
| 830 #0 - SERIES ADDED ENTRY--UNIFORM TITLE | |
| Uniform title | Every action counts! |
| 942 ## - ADDED ENTRY ELEMENTS (KOHA) | |
| Source of classification or shelving scheme | Dewey Decimal Classification |
| Koha item type | Book |
| Withdrawn | Not for loan | Current library | Shelving location | Date acquired | Total Checkouts | Full call number | Barcode | Date last seen | Koha item type |
|---|---|---|---|---|---|---|---|---|---|
| Perpustakaan Alor Setar | Pinjaman Kanak-kanak | 11/03/2026 | K 177.7 GAL | A01908449 | 11/03/2026 | Book | |||
| Perpustakaan Awam Sungai Petani | Pinjaman Kanak-kanak | 11/03/2026 | K 177.7 GAL | A01908450 | 11/03/2026 | Book | |||
| Perpustakaan Kulim | Pinjaman Kanak-kanak | 11/03/2026 | K 177.7 GAL | A01908453 | 11/03/2026 | Book |